Дело по отношению начальника Главного штаба с препровождением оригинального письма императора Петра I для помещения его в кунстк...

RUSMARC
00005051cbc2a2200000#x 450
001dd7fe533-ec73-4b07-a955-06609493ced3
00520181221145736.0
1010#$arus
102##$aRU
2001#$aДело по отношению начальника Главного штаба с препровождением оригинального письма императора Петра I для помещения его в кунсткамере Академии наук
$j25 февраля - 5 марта 1819 г.
251##$cДело
215##$a5 листов
$d36,5х26 см
2250#$aФонд Департамент народного просвещения Министерства народного просвещения
$hОпись № 12
801#0$aRU
$bРГИА
801#1$aRU
$bПБ им. Б.Н. Ельцина
$2rusmarc
$c20160220
801#2$aRU
$bПБ им. Б.Н. Ельцина
$gRCR
$2rusmarc
850##$aФедеральное казенное учреждение "Российский государственный исторический архив" (РГИА)
852##$aРГИА
$j199
937##$d10887612
$hПБ
100##$a20131008l18191819k##a0rusy0102####ca
105##$ay###
1222#$ad18190225##
$ad18190305##
461#0$1001a74412a3-3cc5-4d21-8f0a-dfe2fbd9e72d
$12001
$aДепартамент народного просвещения Министерства народного просвещения
$1251
$cФонд
$1852
$j733
462#0$10018bf52176-83f3-4397-9f3c-aa838725db6a
$12001
$a1802-1839 гг.
$vД. 199
$1251
$cОпись
$1852
$j12
035##$add7fe533-ec73-4b07-a955-06609493ced3
300##$aРукописный текст. Чернила
60102$2nlr_sh
$3RU\NLR\AUTH\6601616621
$aМузей антропологии и этнографии им. Петра Великого
$cСанкт-Петербург, город
$jДокументы и материалы
$xИстория
605##$2acquisition_Prlib
$3DITM\AF\0000003834
$aНарод
$lколлекция
605##$aМузей антропологии и этнографии им. Петра Великого (Кунсткамера) Российской академии наук
$lколлекция
$2acquisition_Prlib
$3LIBNET\UAF\0000079965
686##$2rubbk
$a79.147.1ю1
$vLBC/M
686##$a63.3(2)52ю1
$vLBC/M
$2rubbk
600#1$2nlr_sh
$3RU\NLR\AUTH\66180638
$aПетр
$cимператор российский
$dI
$f1672 - 1725
$jДокументы и материалы
Формат отображения